000 00273nam a22001217a 4500
082 _a621.564 WOO'H
100 _aWOOLRICH, W.R
_956665
245 _aHANDBOOK OF REFRIGERATING ENGINEERING
250 _a4TH
260 _aUSA
_bAVI
_c1966
300 _aXI, 434P
942 _cBK
999 _c567037
_d567037